• 首页
  • 本馆介绍
  • 公告通知
  • 最新文献
  • 馆藏检索
  • 电子资源
  • 读者导购
  • 参考咨询
  • 我的图书馆
  • 登录
  • 详细信息显示
  • 放入我的书架
  • 预约/预借图书
  • 作者相关作品
  • 分类相关作品
  • 丛书相关作品
  • 出版社相关作品

书目信息

  • 表格格式
  • 工作单格式
  • 卡片格式
题名:
成语里的智慧
    
 
作者: 郄亚威 主编 ;时间岛 绘
分册:  
出版信息: 北京   应急管理出版社  2021.02
页数: 140页
开本: 19x21cm
丛书名: 漫画成语故事
单 册:
中图分类: H136.31 , I247.81
科图分类:
主题词: 汉语--han yu--成语--故事--少年读物
电子资源:
ISBN: 978-7-5020-8556-8
000 01052nam 2200277 450
001 CAL 010549978
005 20230217093112.0
010    @a978-7-5020-8556-8@dCNY28.00
100    @a20220712d2021 cemy0chiy0120 ea
101 0  @achi
102    @aCN@b110000
105    @aa z 000yy
106    @ar
200 1  @a成语里的智慧@Acheng yu li de zhi hui@f郄亚威主编@g时间岛绘
210    @a北京@c应急管理出版社@d2021.02
215    @a140页@c彩图@d19x21cm
225 2  @a漫画成语故事@Aman hua cheng yu gu shi
330    @a本书内容包括: 孺子可教 ; 亡羊补牢 ; 量体裁衣 ; 居安思危 ; 趁火打劫 ; 鸟尽弓藏 ; 请君入瓮 ; 隔岸观火 ; 锦囊妙计 ; 以逸待劳 ; 兵不厌诈 ; 围魏救赵 ; 瞒天过海 ; 因势利导 ; 声东击西 ; 暗度陈仓 ; 欲擒故纵 ; 抛砖引玉 ; 擒賊擒王 ; 釜底抽薪 ; 兵贵神速等。
410  0 @12001 @a漫画成语故事
606 0  @a汉语@Ahan yu@x成语@x故事@j少年读物
690    @aH136.31@v5
690    @aI247.81@v5
701  0 @a郄亚威@Aqie ya wei@4主编
712 02 @a时间岛@Ashi jian dao@4绘
801  0 @aCN@bBJXHZP@c20230228
905    @b1385937-40@dH136.31@e430@f4
    
    成语里的智慧/郄亚威主编/时间岛绘.-北京:应急管理出版社,2021.02
    140页:彩图;19x21cm.-(漫画成语故事)
    
    
    ISBN 978-7-5020-8556-8:CNY28.00
    本书内容包括: 孺子可教 ; 亡羊补牢 ; 量体裁衣 ; 居安思危 ; 趁火打劫 ; 鸟尽弓藏 ; 请君入瓮 ; 隔岸观火 ; 锦囊妙计 ; 以逸待劳 ; 兵不厌诈 ; 围魏救赵 ; 瞒天过海 ; 因势利导 ; 声东击西 ; 暗度陈仓 ; 欲擒故纵 ; 抛砖引玉 ; 擒賊擒王 ; 釜底抽薪 ; 兵贵神速等。
●
相关链接 在E读中查询图书 在五车中查询图书 在当当中查询图书 在豆瓣中查询图书


正题名:成语里的智慧     索取号:H136.31/430         预约/预借

序号 登录号 条形码 馆藏地/架位号 状态 备注
1 1385937   213859378   第二样本阅览室/ [索取号:H136.31/430] 在馆    
2 1385938   213859387   第四借阅区/ [索取号:H136.31/430] 在馆    
3 1385939   213859396   第四借阅区/ [索取号:H136.31/430] 在馆    
4 1385940   213859403   第四借阅区/ [索取号:H136.31/430] 在馆    
唐山师范学院图书馆 欢迎您!
大连网信软件有限公司© 版权所有